Normal view MARC view

Entry Personal Name

Number of records used in: 1

001 - CONTROL NUMBER

  • control field: 1115

003 - CONTROL NUMBER IDENTIFIER

  • control field: DLC

005 - DATE AND TIME OF LATEST TRANSACTION

  • control field: 20200110101231.0

008 - FIXED-LENGTH DATA ELEMENTS

  • fixed length control field: 890703n| acannaab| |a aaa |||

010 ## - LIBRARY OF CONGRESS CONTROL NUMBER

  • LC control number: n 88184506

040 ## - CATALOGING SOURCE

  • Original cataloging agency: DLC
  • Transcribing agency: DLC
  • Modifying agency: DLC

100 10 - HEADING--PERSONAL NAME

  • Personal name: Shukla, Vivekananda

400 00 - SEE FROM TRACING--PERSONAL NAME

  • Personal name: Vivekananda Shukla

400 10 - SEE FROM TRACING--PERSONAL NAME

  • Personal name: Shukla, Vivekanand

400 00 - SEE FROM TRACING--PERSONAL NAME

  • Personal name: Vivekanand Shukla

670 ## - SOURCE DATA FOUND

  • Source citation: His Rebellion of 1942, 1989:
  • Information found: t.p. (Vivekananda Shukla) jkt. (Dr. ; teaches hist. at L.S. Coll., U. of Bihar, Muzaffarpur ; Ph. D. (Patna U.))

670 ## - SOURCE DATA FOUND

  • Source citation: His Soviet revolutions and the Indian national movement, 1989:
  • Information found: t.p. (Vivekanand Shukla)

Powered by Koha